000 00299nam a22001337a 4500
003 OSt
005 20211223085148.0
008 211223b |||||||| |||| 00| 0 eng d
040 _cHU
082 _a004.3519BOH1984
100 _aBohm
_924439
245 _aDataflow Computation
942 _2ddc
_cBOOKS
_n0
999 _c23568
_d23568